Living large (Record no. 75371)
[ view plain ]
| 000 -LEADER | |
|---|---|
| fixed length control field | 01164cab a2200193 4500 |
| 001 - CONTROL NUMBER | |
| control field | L129965 |
| 008 - FIXED-LENGTH DATA ELEMENTS--GENERAL INFORMATION | |
| fixed length control field | 050610n2005 000 0 eng u |
| 035 ## - SYSTEM CONTROL NUMBER | |
| System control number | (Sirsi) u129965 |
| 041 ## - LANGUAGE CODE | |
| Language code of text/sound track or separate title | eng |
| 100 ## - MAIN ENTRY--PERSONAL NAME | |
| Personal name | Roberts, Gwyn |
| 245 ## - TITLE STATEMENT | |
| Title | Living large |
| 260 ## - PUBLICATION, DISTRIBUTION, ETC. | |
| Date of publication, distribution, etc. | 2005 |
| 490 ## - SERIES STATEMENT | |
| Series statement | Property Week |
| Volume/sequential designation | 70(22) 3 June 2005, 48-49(2) |
| 520 ## - SUMMARY, ETC. | |
| Summary, etc. | Examines the accelerating trend of mergers between housing associations in a market place where size offers the best chance of securing funding, a trend mirroring the acquisition strategies evident in the house builders' sector. These larger associations are ostensibly striving after economies of scale through increased production and cheaper procurement and are aiming to demonstrate the required increased efficiency following the Gershon Review into public-sector waste. Discusses the benefits of consolidation in its various forms but suggests that the Housing Corporation should monitor this development carefully. Table covers England's top 10 housing associations. |
| 590 ## - LOCAL NOTE (RLIN) | |
| Local note | IKA210605 |
| 650 ## - SUBJECT ADDED ENTRY--TOPICAL TERM | |
| Topical term or geographic name entry element | GERSHON REVIEW |
| 690 ## - LOCAL SUBJECT ADDED ENTRY--TOPICAL TERM (OCLC, RLIN) | |
| Topical term or geographic name as entry element | PROPERTY-RESIDENTIAL PROPERTY-RESIDENTIAL PROPERTY MANAGEMENT |
| 942 ## - ADDED ENTRY ELEMENTS (KOHA) | |
| Suppress in OPAC | 0 |
| Withdrawn status | Lost status | Source of classification or shelving scheme | Damaged status | Not for loan | Home library | Current library | Shelving location | Date acquired | Total Checkouts | Full call number | Barcode | Date last seen | Copy number | Price effective from | Koha item type |
|---|---|---|---|---|---|---|---|---|---|---|---|---|---|---|---|
| Dewey Decimal Classification | London | London | Journal article | 10/06/2005 | L129965 | 129965-1001 | 06/08/2019 | 1 | 06/08/2019 | Journal article |